000 00929nam a2200241 i 4500
001 162812
003 ES-MaACL
005 20250806085415.0
008 170427s1911 sp |||| | spa d
100 1 _aPayr, E.
_9162481
245 1 0 _aCirugía /
_cpor E. Payr y M. Borchardt. Accidentes del trabajo : reconocimientos periciales y medicina legal / por Dr.Thiem ; versión española de Luciano Lotero.
260 _aMadrid :
_bSaturnino Calleja Fernández,
_c1911.
300 _a204 p. :
_bil. ;
_c24 cm.
490 1 _aAnuario de ciencias médicas. Primera serie ;
_v12
504 _aBibliografía: p. 200-202.
650 0 7 _aCirugía
_2embne
_911050
650 0 7 _aMedicina del trabajo
_2embne
_914922
700 1 _aLotero, Luciano.
_9162482
700 1 _aBorchardt, M.
_9162483
830 0 _aAnuario de ciencias médicas. Primera serie ;
_v12
_9182797
852 _aES-MaACL
_jB-11078
999 _c162812
_d162812